000 00364nam a2200145 i 4500
001 bg
245 0 _aSocjologia wychowania.
_nCz.5.
260 _aToruń,
_c1984.
490 1 _aNauki Humanistyczno-Społeczne ;
_vz.145
830 _aNauki Humanistyczno-Społeczne ;
040 _cBPK
041 _apol
942 _cKS
008 s pl f |000 0 pol
999 _c23153
_d23153
856 _uhttp://koha.tu.koszalin.pl/cgi-bin/koha/opac-detail.pl?biblionumber=23153
_yKatalog online BPK